| 000 | 00000nam##2200000za#4500 |
| 001 | 9.654673 |
| 003 | CaOODSP |
| 005 | 20200330133533 |
| 007 | ta |
| 008 | 150407|1990||||xxc||||| f|0| 0 eng|d |
| 020 | |a0-662-57918-6 |
| 040 | |aCaOODSP|beng |
| 041 | |aeng |
| 041 | |afre |
| 043 | |an-cn--- |
| 086 | 1 |aA61-13/1990 |
| 110 | 1 |aCanada.|bAgriculture Canada. |bFood Production and Inspection Branch. |
| 245 | 10|aHealth of animals: overview / |cIssued by Food Production and Inspection Branch, Health of Animals Directorate. |
| 250 | |aSixth edition. |
| 260 | |aOttawa - Ontario : |bAgriculture Canada. |c1990. |
| 300 | |aEnglish text, 68p. : |bcoloured illus., references, tables ; |c28 cm. |
| 500 | |aN.B.: Incorrect catalogue number (AG1-13/1990) printed in this publication. |
| 546 | |aBilingual |
| 563 | |aSoftcover |
| 776 | 0#|tHygiène vétérinaire |w(CaOODSP)9.641057 |
| 776 | 0#|tHealth of animals |w(CaOODSP)9.696982 |
| 792 | |tHygiène vétérinaire: revue / |efre|w(CaOODSP)9.654674 |
| 986 | |aPublication 5245/B |